000 01381 a2200373 4500
001 41096
005 20260407155704.0
008 260407a2006 arg spa d
003 AR-UNSa-BCEJYS
040 _aAR-UNSa-BCEJYS
_bspa
_cAR-UNSa-BCEJYS
080 _a347.736
_xQuiebra. Insolvencia. Suspensión de pagos. Bancarrota, procedimientos. Derecho Concursal
245 1 0 _aLa insolvencia en el derecho concursal iberoamericano
020 _a978-950-894-590-7
264 1 _aBuenos Aires :
_bAD-HOC
_c2006
300 _a239 p.
_c23 cm.
505 _a1. La jurisdicción concursal - 2. Crisis empresarias - 3. Reforma de los sistemas concursales iberoamericanos - 4. La quiebra transnacional
041 _aspa
942 _cBK
590 _aniveau_biblio:m niveau_hierar:0
100 1 _aBima, María del Carmen
700 1 _aVaiser, Lidia
700 1 _aKleidermacher, Arnoldo
700 1 _aRichard, Efraín Hugo
700 1 _aRouillon, Adolfo A.N.
700 1 _aRuiz, Sergio G.
700 1 _aSanguino Sánchez, Jesús M.
700 1 _aCandelario Macías, María I.
700 1 _aVázquez Sotelo, José L.
700 1 _aGarcía Priani, Jaime
700 1 _aSilva Oropeza, Antonio
700 1 _aCarbonell O´Brien, Esteban
700 1 _aCreimer, Israel
856 4 1 _uhttps://biblioeco.unsa.edu.ar/pmb/images/libros/L126360.jpg
_yImagen de portada
_qimage/jpeg
999 _c3364
_d3364